Memoria

Guardado en:
書目詳細資料
格式: 未知
出版: San José: Diseño Alternativo
主題:
標簽: 添加標簽
沒有標簽, 成為第一個標記此記錄!

MARC

LEADER 00000 a2200000 04500
001 18943
003
008 991231s d
040
090 |a 144816  
245 |a Memoria  
260 |a San José:   |b Diseño Alternativo  
300 |a 199 p.  
650 |a MUJERES  
650 |a POLITICA  
650 |a DESARROLLO POLITICO  
650 |a PARTICIPACION POLITICA  
650 |a PARTICIPACION SOCIAL  
650 |a PARTICIPACION DE LA MUJER  
650 |a ORGANIZACIONES FEMENINAS  
650 |a MOVIMIENTOS SOCIALES  
999 |c 2856  |d 2856